MyGZULibrary

Better business writing / (Record no. 7878)

MARC details
000 -LEADER
fixed length control field 00755cam a2200253 4500
001 - CONTROL NUMBER
control field 2670728
003 - CONTROL NUMBER IDENTIFIER
control field GZU
005 - DATE AND TIME OF LATEST TRANSACTION
control field 20210513094921.0
008 - FIXED-LENGTH DATA ELEMENTS--GENERAL INFORMATION
fixed length control field 740416s1974 ilua 001 0 eng
010 ## - LIBRARY OF CONGRESS CONTROL NUMBER
LC control number 73089107
020 ## - INTERNATIONAL STANDARD BOOK NUMBER
International Standard Book Number 0256015457
040 ## - CATALOGING SOURCE
Original cataloging agency DLC
Transcribing agency DLC
Modifying agency DLC
050 00 - LIBRARY OF CONGRESS CALL NUMBER
Classification number HF5726
Item number .BON 1974
100 1# - MAIN ENTRY--PERSONAL NAME
Personal name Bonner, William H.
Relator term author
245 10 - TITLE STATEMENT
Title Better business writing /
Statement of responsibility, etc. [by] William H. Bonner.
260 ## - PUBLICATION, DISTRIBUTION, ETC.
Place of publication, distribution, etc. Homewood, Ill.,
Name of publisher, distributor, etc. Richrad D. Irwin,
Date of publication, distribution, etc. 1974.
300 ## - PHYSICAL DESCRIPTION
Extent xiii, 468 p.
Other physical details illus.
Dimensions 24 cm.
500 ## - GENERAL NOTE
General note Includes index
650 #0 - SUBJECT ADDED ENTRY--TOPICAL TERM
Topical term or geographic name entry element Commercial correspondence.
650 #0 - SUBJECT ADDED ENTRY--TOPICAL TERM
Topical term or geographic name entry element Business report writing.
650 #0 - SUBJECT ADDED ENTRY--TOPICAL TERM
Topical term or geographic name entry element Business communication.
906 ## - LOCAL DATA ELEMENT F, LDF (RLIN)
a 7
b cbc
c orignew
d 2
e opcn
f 19
g y-gencatlg
942 ## - ADDED ENTRY ELEMENTS (KOHA)
Source of classification or shelving scheme Library of Congress Classification
Koha item type Books
Classification part 5726
Item part BON
Call number prefix HF
Holdings
Withdrawn status Lost status Source of classification or shelving scheme Damaged status Not for loan Collection code Home library Current library Shelving location Date acquired Inventory number Total Checkouts Full call number Barcode Date last seen Copy number Price effective from Koha item type
    Library of Congress Classification     Non-fiction Mashava Campus Library Mashava Campus Library General Stacks 05/13/2021 4696   HF5726 BON 1974 B017642 05/13/2021 c. 1 05/13/2021 Books